Normal view
MARC view
- McKay, P. John
Entry Personal Name
001 - CONTROL NUMBER
- control field: 134243
003 - CONTROL NUMBER IDENTIFIER
- control field: NUST
005 - DATE AND TIME OF LATEST TRANSACTION
- control field: 20260423144045.0
008 - FIXED-LENGTH DATA ELEMENTS
- fixed length control field: 260423|| aca||aabn | a|a d
040 ## - CATALOGING SOURCE
- Original cataloging agency: NUST
- Transcribing agency: NUST
100 ## - HEADING--PERSONAL NAME
- Personal name: McKay, P. John
670 ## - SOURCE DATA FOUND
- Source citation: Work cat.: (NUST): McKay, P. John., A History of Western Society /, 1991.
